| 000 | 01068nam a2200229 u 4500 | ||
|---|---|---|---|
| 001 | 000766623 | ||
| 003 | AM-YeHGA | ||
| 005 | 20250618073833.0 | ||
| 008 | 101020s1981 ru a r 000 1 rus d | ||
| 040 | _aAM-YeHGA | ||
| 041 | 0 | _arus | |
| 245 | 0 | 0 |
_aИзбранные произведения поэтов Азии / _cРед. колл.: Г.Г. Абашидзе, Ч. Айтматов, Р. Гамзатов, В. Петросян и др. |
| 260 |
_aМосква : _bХудож. лит., _c1981. |
||
| 300 | _a704 с. | ||
| 440 | 0 | _aБиблиотека избранных произведений писателей Азии и Африки | |
| 650 | 1 | 4 |
_aПоэтические переводы _vСборники разных авторов |
| 700 | 1 |
_aАбашидзе, Григол Григорьевич _d1914-1994 |
|
| 700 | 1 |
_aАйтматов, Чингиз _d1928-2008 |
|
| 700 | 1 |
_aГамзатов, Расул Гамзатович _d1923-2003 |
|
| 700 | 1 |
_aՊետրոսյան, Վարդգես Համազասպի, _d1932-1994 _91431 |
|
| 090 | _c283410 | ||
| 999 |
_c281754 _d281754 |
||